Sports Quiz

Random Sports or Soccer Quiz

I Didn't Play For Them (Premier League) Quiz Stats

 Plays Quiz Updated Dec 9, 2017

Challenge
Share
Tweet
Embed
Score 0/14 Timer 02:00
10 Plays Today
Question Answer Wrong Answers
Gareth Barry Leeds United
88.5%
Everton
3%
Manchester City
3%
Aston Villa
4.8%
Stewart Downing Stoke City
84.6%
Middlesbrough
5%
Liverpool
3.8%
Aston Villa
6.5%
Tom Cleverley Swansea City
82.1%
Aston Villa
5.9%
Watford
7.3%
Manchester United
2.6%
Joey Barton Crystal Palace
81.3%
Newcastle United
4.4%
Burnley
6.5%
Manchester City
6.2%
Joleon Lescott Blackburn Rovers
79.6%
West Bromwich Albion
7.9%
Everton
6.5%
Aston Villa
3.4%
Aaron Lennon Leicester City
78.9%
Leeds United
13.7%
Everton
2.1%
Tottenham Hotspur
2.1%
Andros Townsend Aston Villa
78.8%
Tottenham Hotspur
4.1%
Newcastle United
8.5%
Crystal Palace
4.9%
Loïc Rémy Everton
78.3%
Chelsea
2.9%
Queen's Park Rangers
7.4%
Newcastle United
6.4%
Sylvain Distin Sunderland
73.8%
Manchester City
11.9%
Portsmouth
9.1%
Everton
4.7%
Nigel Reo-Coker West Bromwich Albion
72.4%
Bolton Wanderers
12.6%
Aston Villa
6.1%
West Ham United
7.5%
David James Queen's Park Rangers
71.3%
Liverpool
12.4%
Manchester City
9.4%
Portsmouth
4.1%
Marcos Alonso Norwich City
68.7%
Sunderland
9.7%
Chelsea
3%
Bolton Wanderers
11.6%
Maarten Stekelenburg West Ham United
66%
Everton
5.1%
Fulham
6.7%
Southampton
17.8%
Djibril Cissé Newcastle United
58%
Liverpool
5.5%
Sunderland
18.2%
Queen's Park Rangers
12.4%

You're not logged in!

Compare scores with friends on all Sporcle quizzes.
Join for Free
OR
Log In

You Might Also Like...

Show Comments

Extras

Top Quizzes Today


Score Distribution

Your Account Isn't Verified!

In order to create a playlist on Sporcle, you need to verify the email address you used during registration. Go to your Sporcle Settings to finish the process.

Report this User

Report this user for behavior that violates our Community Guidelines.

Details: